[Event "Dulles Cherry Blossom op"]
[Site "Dulles"]
[Date "2019.05.24"]
[Round "3"]
[White "Brodsky, David"]
[Black "Arun Prasad, Subramanian"]
[Result "1/2-1/2"]
[WhiteElo "2438"]
[BlackElo "2501"]
[PlyCount "56"]
[EventDate "2019.05.23"]
[EventType "swiss"]
[EventRounds "9"]
[EventCountry "USA"]
[SourceTitle "CBM 190 Extra"]
[Source "ChessBase"]
[SourceDate "2019.07.15"]
[SourceVersion "1"]
[SourceVersionDate "2019.07.15"]
[SourceQuality "1"]

1. e4 c5 2. Nf3 d6 3. d4 cxd4 4. Nxd4 Nf6 5. Nc3 a6 6. Be3 e5 7. Nb3 Be6 8. Qd2 Nbd7 9. 0-0-0 b5 10. f4 Be7 11. f5 Bc4 12. g4 Nxg4 13. Rg1 Nxe3 14. Qxe3 Bxf1 15. Rdxf1 h6 16. Kb1 Bg5 17. Qd3 Nf6 18. Nd2 Nh5 19. Nd5 Nf4 20. Nxf4 exf4 21. Nf3 Qe7 22. Qc3 Kf8 23. Nxg5 hxg5 24. Rxf4 f6 25. Rf3 Re8 26. Re1 Rh6 27. Rh3 Rxh3 28. Qxh3 Qc7 1/2-1/2

[Event "North American op 27th"]
[Site "Las Vegas"]
[Date "2017.12.29"]
[Round "7"]
[White "Li, Ruifeng"]
[Black "Arun Prasad, Subramanian"]
[Result "1/2-1/2"]
[WhiteElo "2569"]
[BlackElo "2490"]
[PlyCount "55"]
[EventDate "2017.12.26"]
[EventType "swiss"]
[EventRounds "9"]
[EventCountry "USA"]
[SourceTitle "CBM 182 Extra"]
[Source "ChessBase"]
[SourceDate "2018.02.23"]
[SourceVersion "1"]
[SourceVersionDate "2018.02.23"]
[SourceQuality "1"]

1. e4 c6 2. Nc3 d5 3. d4 dxe4 4. Nxe4 Nd7 5. Nf3 Ngf6 6. Ng3 e6 7. Bd3 Be7 8. 0-0 0-0 9. c4 b6 10. Qe2 Bb7 11. b3 Re8 12. Bb2 Qc7 13. Rad1 Rad8 14. Ne5 c5 15. dxc5 Nxe5 16. Qxe5 Qxe5 17. Bxe5 Bxc5 18. Bxf6 gxf6 19. Be4 Bxe4 20. Nxe4 Kg7 21. Nxc5 bxc5 22. f3 f5 23. Kf2 Kf6 24. Ke3 h5 25. g3 Ke7 26. f4 a5 27. Rd3 h4 28. Kd2 1/2-1/2

[Event "North American op 27th"]
[Site "Las Vegas"]
[Date "2017.12.27"]
[Round "3"]
[White "Arun Prasad, Subramanian"]
[Black "Blatny, Pavel"]
[Result "1-0"]
[WhiteElo "2490"]
[BlackElo "2324"]
[PlyCount "121"]
[EventDate "2017.12.26"]
[EventType "swiss"]
[EventRounds "9"]
[EventCountry "USA"]
[SourceTitle "CBM 182 Extra"]
[Source "ChessBase"]
[SourceDate "2018.02.23"]
[SourceVersion "1"]
[SourceVersionDate "2018.02.23"]
[SourceQuality "1"]

1. d4 d6 2. Nf3 Nf6 3. c4 g6 4. Nc3 Bf5 5. d5 Bg7 6. Nd4 Bd7 7. e4 e5 8. Nf3 a5 9. h3 Na6 10. Be3 b6 11. Be2 Nc5 12. Nd2 0-0 13. g4 Ne8 14. h4 f5 15. gxf5 gxf5 16. h5 f4 17. Bxc5 dxc5 18. h6 Bf6 19. Bg4 Kh8 20. a4 Rg8 21. Bxd7 Qxd7 22. Qf3 Nd6 23. Nb5 Nf7 24. 0-0-0 Rg6 25. Qh3 Qxh3 26. Rxh3 Rc8 27. Nf3 Be7 28. Kd2 Bd6 29. Rdh1 Rcg8 30. Ke2 Rf6 31. Rh5 Rgg6 32. Na7 Rxh6 33. Nc6 Kg7 34. Rxh6 Rxh6 35. Rxh6 Kxh6 36. Kf1 Kg7 37. Kg2 Kf6 38. Kh3 Bf8 39. Kg4 Bg7 40. b3 Bf8 41. Kh5 Bd6 42. Na7 Be7 43. Nb5 Bd8 44. Nc3 Kg7 45. Nb5 Kf8 46. Nh2 Ke8 47. Ng4 Kd7 48. f3 c6 49. Na7 cxd5 50. cxd5 Be7 51. Nb5 Bd8 52. Na3 Ke7 53. Nc4 Bc7 54. Nh6 Nd6 55. Nxe5 b5 56. axb5 Nxb5 57. Nf5+ Kf6 58. Nd7+ Kf7 59. Nxc5 Be5 60. Nd3 Kf6 61. Kg4 1-0

[Event "Washington op 5th"]
[Site "Rockville"]
[Date "2016.08.16"]
[Round "8"]
[White "Arun Prasad, Subramanian"]
[Black "Sevian, Samuel"]
[Result "1/2-1/2"]
[WhiteElo "2491"]
[BlackElo "2600"]
[PlyCount "64"]
[EventDate "2016.08.13"]
[EventType "swiss"]
[EventRounds "9"]
[EventCountry "USA"]
[SourceTitle "CBM 173 Extra"]
[Source "ChessBase"]
[SourceDate "2016.08.29"]
[SourceVersion "1"]
[SourceVersionDate "2016.08.29"]
[SourceQuality "1"]

1. Nf3 d5 2. d4 Nf6 3. c4 e6 4. Nc3 c6 5. e3 Nbd7 6. Qc2 Bd6 7. b3 0-0 8. Be2 e5 9. cxd5 cxd5 10. Nb5 Bb4+ 11. Bd2 Bxd2+ 12. Nxd2 a6 13. dxe5 Nxe5 14. Nd4 Bg4 15. Bxg4 Nfxg4 16. 0-0 Rc8 17. Qd1 Rc5 18. N2f3 Qc7 19. Nxe5 Nxe5 20. Qe2 Rc8 21. Rfd1 g6 22. Rd2 h5 23. f3 Rc3 24. Rad1 Qc5 25. Qf2 Nc6 26. Nxc6 Rxc6 27. Rxd5 Qxe3 28. Qxe3 Rxe3 29. Kf2 Rec3 30. R1d2 Kg7 31. h4 b5 32. Kg3 Re6 1/2-1/2

[Event "Dubai op 18th"]
[Site "Dubai"]
[Date "2016.04.18"]
[Round "8"]
[White "Arun Prasad, Subramanian"]
[Black "Nihal, Sarin"]
[Result "1-0"]
[WhiteElo "2509"]
[BlackElo "2351"]
[PlyCount "83"]
[EventDate "2016.04.11"]
[EventType "swiss"]
[EventRounds "9"]
[EventCountry "UAE"]
[SourceTitle "CBM 172 Extra"]
[Source "ChessBase"]
[SourceDate "2016.06.21"]
[SourceVersion "1"]
[SourceVersionDate "2016.06.21"]
[SourceQuality "1"]

1. Nf3 Nf6 2. c4 g6 3. Nc3 Bg7 4. e4 d6 5. d4 0-0 6. h3 e5 7. d5 Nh5 8. g3 a5 9. Be3 Na6 10. Nd2 Qe8 11. Be2 Nf6 12. g4 Nd7 13. h4 f5 14. gxf5 gxf5 15. exf5 Ndc5 16. f6 Rxf6 17. Nde4 Rf4 18. f3 Bf5 19. Ng3 Qf7 20. Bxf4 exf4 21. Nxf5 Qxf5 22. Rg1 Qf6 23. Rg4 Re8 24. Kf2 Kh8 25. Qd2 Nb4 26. Rd1 h5 27. Rg5 Bh6 28. Rxh5 Qg6 29. Qd4+ Kh7 30. Rg5 Bxg5 31. hxg5 Re5 32. Qxf4 Rxg5 33. Rh1+ Kg8 34. Kf1 Nbd3 35. Qh4 Qg7 36. Qh3 Ne5 37. Qc8+ Kf7 38. Qxc7+ Ned7 39. Ne4 Qxb2 40. Nxg5+ Kg6 41. Qxd6+ Kxg5 42. Qh6+ 1-0

[Event "Dubai op 18th"]
[Site "Dubai"]
[Date "2016.04.14"]
[Round "4"]
[White "Arun Prasad, Subramanian"]
[Black "Soumya, Swaminathan"]
[Result "1-0"]
[WhiteElo "2509"]
[BlackElo "2358"]
[PlyCount "89"]
[EventDate "2016.04.11"]
[EventType "swiss"]
[EventRounds "9"]
[EventCountry "UAE"]
[SourceTitle "CBM 172 Extra"]
[Source "ChessBase"]
[SourceDate "2016.06.21"]
[SourceVersion "1"]
[SourceVersionDate "2016.06.21"]
[SourceQuality "1"]

1. Nf3 d5 2. d4 Nf6 3. c4 c6 4. e3 Bg4 5. Qb3 Qb6 6. Nc3 Bxf3 7. gxf3 e6 8. f4 Nbd7 9. Bd2 Be7 10. Qc2 Rc8 11. c5 Qc7 12. b4 b6 13. Ba6 Rb8 14. Kf1 h6 15. h4 0-0 16. h5 Rfd8 17. Be1 Nf8 18. Nd1 Ne8 19. Nb2 f6 20. Nd3 Qd7 21. Nc1 bxc5 22. bxc5 e5 23. fxe5 fxe5 24. dxe5 Ne6 25. Nb3 N8c7 26. Be2 Rf8 27. Rd1 Ng5 28. Kg2 Qe8 29. f4 Ne4 30. Bf3 Qc8 31. Bh4 Bxh4 32. Rxh4 Qa6 33. Rg4 Rf7 34. Rg6 Rb4 35. Rd4 Ra4 36. Rxa4 Qxa4 37. Bxe4 dxe4 38. Nd4 Qa3 39. e6 Rf8 40. e7 Rf7 41. Qxe4 Qxa2+ 42. Kg3 Ne8 43. Rxc6 Qa1 44. Nf3 Qd1 45. Qe6 1-0

[Event "Dubai op 18th"]
[Site "Dubai"]
[Date "2016.04.12"]
[Round "2"]
[White "Arun Prasad, Subramanian"]
[Black "Samhouri, Admah Fawzi"]
[Result "1/2-1/2"]
[WhiteElo "2509"]
[BlackElo "2365"]
[PlyCount "111"]
[EventDate "2016.04.11"]
[EventType "swiss"]
[EventRounds "9"]
[EventCountry "UAE"]
[SourceTitle "CBM 172 Extra"]
[Source "ChessBase"]
[SourceDate "2016.06.21"]
[SourceVersion "1"]
[SourceVersionDate "2016.06.21"]
[SourceQuality "1"]

1. d4 Nf6 2. c4 e6 3. Nc3 Bb4 4. Qc2 c5 5. dxc5 Na6 6. g3 Nxc5 7. Bg2 Qa5 8. Bd2 0-0 9. Nf3 d6 10. 0-0 Bd7 11. Nd4 Qa6 12. b3 Rac8 13. Rfd1 Bxc3 14. Bxc3 d5 15. cxd5 Nxd5 16. Bxd5 exd5 17. Bb4 Ne6 18. Qb2 Nxd4 19. Rxd4 Rfe8 20. Rxd5 Rxe2 21. Qd4 Bh3 22. Bc3 f6 23. Rh5 Rxa2 24. Re1 Be6 25. Rc5 Rxc5 26. Qxc5 h6 27. Qe3 Bf7 28. h4 h5 29. Bb4 Ra1 30. Bd2 Rxe1+ 31. Bxe1 Qa2 32. b4 Qb1 33. f3 b6 34. Kf2 Qf5 35. Qe4 Qd7 36. Ke3 Qd1 37. Kf2 Qd7 38. Qa8+ Kh7 39. Qe4+ Bg6 40. Qe3 Qh3 41. Kg1 Qf5 42. Kf2 Qb5 43. Qc3 Qd5 44. Qd2 Qb3 45. Qc3 Qe6 46. Qe3 Qh3 47. Qe2 a5 48. bxa5 bxa5 49. Bxa5 Qh2+ 50. Kf1 Qxg3 51. Be1 Qh3+ 52. Kg1 Bf5 53. Qg2 Qxg2+ 54. Kxg2 Kg6 55. Kg3 Kf7 56. f4 1/2-1/2

[Event "IND-chT 36th"]
[Site "Bhubaneswar"]
[Date "2016.02.11"]
[Round "6"]
[White "Iniyan, Panneerseluam"]
[Black "Arun Prasad, Subramanian"]
[Result "0-1"]
[WhiteElo "2301"]
[BlackElo "2519"]
[PlyCount "74"]
[EventDate "2016.02.08"]
[EventType "team-swiss"]
[EventRounds "9"]
[EventCountry "IND"]
[SourceTitle "CBM 170 Extra"]
[Source "ChessBase"]
[SourceDate "2016.02.25"]
[SourceVersion "1"]
[SourceVersionDate "2016.02.25"]
[SourceQuality "1"]
[WhiteTeam "Tamil Nadu"]
[BlackTeam "Petroleum Sports"]
[WhiteTeamCountry "IND"]
[BlackTeamCountry "IND"]

1. d4 e6 2. c4 Bb4+ 3. Nc3 f5 4. a3 Bxc3+ 5. bxc3 Nf6 6. g3 0-0 7. Bg2 d6 8. Nf3 Qe7 9. 0-0 Nc6 10. a4 Na5 11. Nd2 c5 12. Ba3 e5 13. Nb3 Nxb3 14. Qxb3 e4 15. Bc1 Be6 16. Bg5 h6 17. Bxf6 Rxf6 18. f3 cxd4 19. cxd4 Rc8 20. Rac1 exf3 21. Bxf3 b6 22. e3 Rff8 23. Qd3 Qf7 24. Be2 Qe8 25. Bd1 Bd5 26. Bf3 Be6 27. Bd1 Rc7 28. Bb3 Kh8 29. e4 Rcf7 30. exf5 Bxf5 31. Qd2 Bh3 32. Rfe1 Qd8 33. c5 d5 34. Qe2 Rf3 35. Bc2 Qf6 36. Rcd1 Rf2 37. Qh5 Rf1+ 0-1

[Event "Las Vegas Millionaire op"]
[Site "Las Vegas"]
[Date "2015.10.08"]
[Round "2"]
[White "Arun Prasad, Subramanian"]
[Black "Brendel, Oliver"]
[Result "1-0"]
[WhiteElo "2520"]
[BlackElo "2338"]
[PlyCount "46"]
[EventDate "2015.10.08"]
[EventType "swiss"]
[EventRounds "9"]
[EventCountry "USA"]
[SourceTitle "CBM 168 Extra"]
[Source "ChessBase"]
[SourceDate "2015.10.29"]
[SourceVersion "1"]
[SourceVersionDate "2015.10.29"]
[SourceQuality "1"]

1. Nf3 Nf6 2. c4 g6 3. Nc3 c5 4. e4 Nc6 5. d4 cxd4 6. Nxd4 Nxd4 7. Qxd4 d6 8. Be2 Bg7 9. Be3 0-0 10. Qd2 Be6 11. Rc1 Qa5 12. f3 Rfc8 13. b3 a6 14. a4 Qb4 15. Nd5 Nxd5 16. exd5 Qxd2+ 17. Kxd2 Bd7 18. a5 e6 19. dxe6 Bxe6 20. b4 d5 21. c5 d4 22. Bf4 Bd5 23. Rhe1 Re8 1-0

[Event "Washington op 4th"]
[Site "Rockville"]
[Date "2015.08.13"]
[Round "9"]
[White "Arun Prasad, Subramanian"]
[Black "Roiz, Michael"]
[Result "0-1"]
[WhiteElo "2503"]
[BlackElo "2595"]
[PlyCount "82"]
[EventDate "2015.08.08"]
[EventType "swiss"]
[EventRounds "9"]
[EventCountry "USA"]
[SourceTitle "CBM 167 Extra"]
[Source "ChessBase"]
[SourceDate "2015.09.14"]
[SourceVersion "1"]
[SourceVersionDate "2015.09.14"]
[SourceQuality "1"]

1. d4 d5 2. c4 c6 3. Nf3 Nf6 4. Nc3 e6 5. e3 Nbd7 6. Qc2 Bd6 7. Bd3 dxc4 8. Bxc4 b5 9. Bd3 Bb7 10. 0-0 a6 11. a4 Rc8 12. Qe2 0-0 13. Ne4 Nxe4 14. Bxe4 Qb6 15. Bd2 b4 16. a5 Qa7 17. Ra4 c5 18. Bxb7 Qxb7 19. dxc5 Bxc5 20. Rc1 Be7 21. Raa1 Rfd8 22. Rxc8 Rxc8 23. Rc1 Rxc1+ 24. Bxc1 Qc7 25. Qd1 Nb8 26. e4 Qxa5 27. Bf4 Nc6 28. h3 Qd8 29. Qa4 Qc8 30. Ne5 Nxe5 31. Bxe5 f6 32. Bf4 Kf7 33. b3 Qc2 34. e5 Qd1+ 35. Kh2 Qd4 36. Bg3 f5 37. f4 Bc5 38. h4 Qg1+ 39. Kh3 Qh1+ 40. Bh2 Qd1 41. Bg3 Bg1 0-1

[Event "Washington op 4th"]
[Site "Rockville"]
[Date "2015.08.10"]
[Round "6"]
[White "Arun Prasad, Subramanian"]
[Black "Azarov, Sergei Nikolaevich"]
[Result "1/2-1/2"]
[WhiteElo "2503"]
[BlackElo "2602"]
[PlyCount "60"]
[EventDate "2015.08.08"]
[EventType "swiss"]
[EventRounds "9"]
[EventCountry "USA"]
[SourceTitle "CBM 167 Extra"]
[Source "ChessBase"]
[SourceDate "2015.09.14"]
[SourceVersion "1"]
[SourceVersionDate "2015.09.14"]
[SourceQuality "1"]

1. Nf3 d5 2. g3 c6 3. Bg2 Bg4 4. c4 Nf6 5. Ne5 dxc4 6. Na3 Be6 7. Naxc4 g6 8. b3 Bg7 9. Bb2 0-0 10. 0-0 Nbd7 11. Nf3 a5 12. d3 a4 13. b4 Qc7 14. Qc2 Rfc8 15. Rfc1 Bxc4 16. Qxc4 a3 17. Bxf6 Bxf6 18. Rab1 Bb2 19. Rc2 e6 20. Nd2 Nb6 21. Qb3 Qe7 22. Nc4 Nxc4 23. Rxc4 Rc7 24. d4 Rd8 25. e3 e5 26. d5 cxd5 27. Rxc7 Qxc7 28. Bxd5 Kg7 29. Rd1 b5 30. Qd3 Qb6 1/2-1/2

[Event "Washington op 4th"]
[Site "Rockville"]
[Date "2015.08.08"]
[Round "2"]
[White "Kaufman, Larry C"]
[Black "Arun Prasad, Subramanian"]
[Result "0-1"]
[WhiteElo "2320"]
[BlackElo "2503"]
[PlyCount "84"]
[EventDate "2015.08.08"]
[EventType "swiss"]
[EventRounds "9"]
[EventCountry "USA"]
[SourceTitle "CBM 167 Extra"]
[Source "ChessBase"]
[SourceDate "2015.09.14"]
[SourceVersion "1"]
[SourceVersionDate "2015.09.14"]
[SourceQuality "1"]

1. e4 c5 2. Nf3 d6 3. Bb5+ Nd7 4. c3 Ngf6 5. Qe2 a6 6. Ba4 e6 7. 0-0 b5 8. Bc2 Bb7 9. d4 Be7 10. Re1 Qc7 11. a4 cxd4 12. cxd4 0-0 13. Bd3 bxa4 14. Rxa4 Nb6 15. Ra1 a5 16. Nc3 Rfc8 17. h3 a4 18. Bf4 Qd8 19. Rec1 g6 20. Nd2 Nfd7 21. Be3 e5 22. d5 Bg5 23. Bb5 Bxe3 24. Qxe3 Nc5 25. f4 exf4 26. Qxf4 Qe7 27. Rf1 Ba6 28. Bxa6 Rxa6 29. Nb5 Nbd7 30. Nd4 Ne5 31. Ra3 Rb6 32. Rg3 Kh8 33. Nc6 Nxc6 34. Nc4 Ne5 35. Nxb6 Rb8 36. Nxa4 Nxa4 37. b3 Nc5 38. Rb1 Rb4 39. Qd2 Qb7 40. Qg5 Kg7 41. Qd8 Nxe4 42. Re3 Qa7 0-1

[Event "World op 43rd"]
[Site "Arlington"]
[Date "2015.07.03"]
[Round "5"]
[White "Arun Prasad, Subramanian"]
[Black "Kamsky, Gata"]
[Result "1/2-1/2"]
[WhiteElo "2496"]
[BlackElo "2672"]
[PlyCount "60"]
[EventDate "2015.07.01"]
[EventType "swiss"]
[EventRounds "9"]
[EventCountry "USA"]
[SourceTitle "CBM 167 Extra"]
[Source "ChessBase"]
[SourceDate "2015.09.14"]
[SourceVersion "1"]
[SourceVersionDate "2015.09.14"]
[SourceQuality "1"]

1. d4 f5 2. g3 Nf6 3. Bg2 g6 4. Nf3 Bg7 5. 0-0 0-0 6. c4 d6 7. Nc3 c6 8. b3 a5 9. Bb2 Na6 10. d5 Bd7 11. Nd4 Rc8 12. e3 Nc5 13. Rc1 Qb6 14. Ba1 Nce4 15. Nxe4 Nxe4 16. Qd3 cxd5 17. cxd5 Nc5 18. Qd2 Ne4 19. Bxe4 fxe4 20. Ne6 Bxe6 21. Bxg7 Kxg7 22. dxe6 Qb5 23. Qd4+ Qe5 24. Qxe5+ dxe5 25. Rfd1 Kf6 26. Rxc8 Rxc8 27. Rd5 b6 28. Rb5 Rc6 29. a4 Kxe6 30. Kg2 Kf5 1/2-1/2

[Event "World op 43rd"]
[Site "Arlington"]
[Date "2015.07.02"]
[Round "2"]
[White "Aikhoje, Odion"]
[Black "Arun Prasad, Subramanian"]
[Result "0-1"]
[WhiteElo "2274"]
[BlackElo "2496"]
[PlyCount "104"]
[EventDate "2015.07.01"]
[EventType "swiss"]
[EventRounds "9"]
[EventCountry "USA"]
[SourceTitle "CBM 167 Extra"]
[Source "ChessBase"]
[SourceDate "2015.09.14"]
[SourceVersion "1"]
[SourceVersionDate "2015.09.14"]
[SourceQuality "1"]

1. Nf3 Nf6 2. d4 e6 3. Bg5 h6 4. Bf4 b6 5. h3 Bb7 6. e3 Bd6 7. Ne5 Be7 8. Nd2 c5 9. c3 0-0 10. a3 Re8 11. Bc4 Bf8 12. 0-0 d6 13. Nef3 Nc6 14. Bh2 e5 15. dxe5 dxe5 16. Qb3 Qc7 17. Be2 Na5 18. Qa4 a6 19. Rfd1 b5 20. Qc2 c4 21. a4 Bd6 22. Ra2 Rab8 23. axb5 axb5 24. Rda1 Nb3 25. Rd1 Bd5 26. Ra6 Nc5 27. Raa1 Re6 28. Ne1 e4 29. Bxd6 Rxd6 30. Nf1 Nd3 31. Qd2 Nd7 32. Nc2 N7c5 33. Nd4 Rdb6 34. Ra2 Qe5 35. Bxd3 cxd3 36. Ra5 Nb3 37. Nxb3 Bxb3 38. Rda1 Qd5 39. Qe1 Qc6 40. Nd2 Bd5 41. Ra7 Qe6 42. Qd1 b4 43. c4 Bxc4 44. Rc7 Bd5 45. Raa7 Qe5 46. Qc1 Rg6 47. Ra5 Qe6 48. Kf1 Rd8 49. Rcc5 Rg5 50. Rab5 Qg6 51. Rc8 Rxg2 52. Rxd8+ Kh7 0-1

[Event "Arlington DC op 3rd"]
[Site "Arlington"]
[Date "2015.06.30"]
[Round "9"]
[White "McShane, Luke J"]
[Black "Arun Prasad, Subramanian"]
[Result "1-0"]
[WhiteElo "2685"]
[BlackElo "2496"]
[PlyCount "151"]
[EventDate "2015.06.25"]
[EventType "swiss"]
[EventRounds "9"]
[EventCountry "USA"]
[SourceTitle "CBM 167 Extra"]
[Source "ChessBase"]
[SourceDate "2015.09.14"]
[SourceVersion "1"]
[SourceVersionDate "2015.09.14"]
[SourceQuality "1"]

1. e4 c5 2. Nf3 d6 3. d4 cxd4 4. Nxd4 Nf6 5. Nc3 a6 6. Be3 e5 7. Nf3 Be7 8. Bc4 0-0 9. Bb3 Be6 10. Qd3 h6 11. Nh4 Nc6 12. Bxe6 fxe6 13. Ng6 Rf7 14. 0-0-0 Ne8 15. h4 Rc8 16. Kb1 Bf6 17. g4 Kh7 18. g5 Kxg6 19. h5+ Kh7 20. g6+ Kg8 21. gxf7+ Kxf7 22. Ne2 Qa5 23. Bd2 Qb6 24. Rhf1 Ke7 25. Bc3 Qc5 26. Bd2 b5 27. Be3 Qc4 28. b3 Qb4 29. c3 Qa5 30. Rd2 Qc7 31. Rc1 Qb7 32. f3 a5 33. Ka1 Rd8 34. c4 b4 35. Kb1 Nc7 36. Rcd1 a4 37. bxa4 Qa6 38. c5 Qxd3+ 39. Rxd3 d5 40. f4 Ra8 41. Bc1 Rxa4 42. Bb2 b3 43. Rxb3 Rxe4 44. Rb7 Kd8 45. fxe5 Nxe5 46. Nc1 Kc8 47. Rb3 Kd7 48. Bxe5 Rxe5 49. Nd3 Rxh5 50. a4 Rh4 51. Rb4 Rxb4+ 52. Nxb4 Bc3 53. Nd3 Na6 54. Kc2 Bd4 55. Rb1 Kc7 56. a5 e5 57. Rb6 Nxc5 58. Nb4 Nb7 59. Nxd5+ Kb8 60. Rb5 Ka7 61. Nb4 g5 62. a6 Nd6 63. Rd5 Nc8 64. Rd7+ Kb6 65. Kb3 Kb5 66. Rd5+ Kb6 67. Rd7 Kb5 68. Rd8 Na7 69. Rb8+ Ka5 70. Rg8 Bc5 71. Nd3 Bb6 72. Nb4 Bc5 73. Rg7 e4 74. Rc7 Bb6 75. Re7 e3 76. Re5+ 1-0

[Event "Arlington DC op 3rd"]
[Site "Arlington"]
[Date "2015.06.27"]
[Round "4"]
[White "Arun Prasad, Subramanian"]
[Black "Pourkashiyan, Atousa"]
[Result "1-0"]
[WhiteElo "2496"]
[BlackElo "2370"]
[PlyCount "105"]
[EventDate "2015.06.25"]
[EventType "swiss"]
[EventRounds "9"]
[EventCountry "USA"]
[SourceTitle "CBM 167 Extra"]
[Source "ChessBase"]
[SourceDate "2015.09.14"]
[SourceVersion "1"]
[SourceVersionDate "2015.09.14"]
[SourceQuality "1"]

1. d4 Nf6 2. c4 e6 3. Nc3 Bb4 4. e3 0-0 5. Bd3 d5 6. a3 Bxc3+ 7. bxc3 dxc4 8. Bxc4 c5 9. Ne2 Nc6 10. 0-0 e5 11. Bb2 b6 12. Rc1 Bb7 13. Ba2 Rc8 14. d5 Ne7 15. c4 Ng6 16. Bb1 Re8 17. a4 a6 18. e4 Rb8 19. g3 Bc8 20. Nc3 Bh3 21. Re1 Qd7 22. Bd3 Red8 23. Rb1 Ne8 24. Bc1 Nd6 25. Be3 Qc7 26. Rb2 Bd7 27. Qd2 Nb7 28. f4 exf4 29. gxf4 Bg4 30. Qf2 Qe7 31. Qg3 Bh5 32. Rxb6 Na5 33. Reb1 Rxb6 34. Rxb6 Nh4 35. Kf2 Kh8 36. Qg5 Qxg5 37. fxg5 Ng6 38. Bxc5 Ne5 39. Bf1 Rc8 40. Bd4 Naxc4 41. Bxc4 Nxc4 42. Rxa6 Nd2 43. h3 Nf3 44. Rc6 Rb8 45. Ke3 Ne1 46. Bc5 h6 47. d6 Nc2+ 48. Kd2 Nb4 49. Bxb4 Rxb4 50. Nd5 Rxe4 51. Kc3 Re5 52. Rc8+ Kh7 53. Kd4 1-0

[Event "Arlington DC op 3rd"]
[Site "Arlington"]
[Date "2015.06.26"]
[Round "3"]
[White "Ippolito, Dean"]
[Black "Arun Prasad, Subramanian"]
[Result "1/2-1/2"]
[WhiteElo "2395"]
[BlackElo "2496"]
[PlyCount "27"]
[EventDate "2015.06.25"]
[EventType "swiss"]
[EventRounds "9"]
[EventCountry "USA"]
[SourceTitle "CBM 167 Extra"]
[Source "ChessBase"]
[SourceDate "2015.09.14"]
[SourceVersion "1"]
[SourceVersionDate "2015.09.14"]
[SourceQuality "1"]

1. d4 d5 2. c4 c6 3. Nf3 Nf6 4. Qb3 e6 5. Bg5 h6 6. Bh4 Nbd7 7. e3 Be7 8. Nc3 0-0 9. Be2 b6 10. 0-0 Bb7 11. Rfd1 Ne4 12. Bxe7 Qxe7 13. Rac1 Nxc3 14. Qxc3 1/2-1/2

[Event "Dubai op 17th"]
[Site "Dubai"]
[Date "2015.04.08"]
[Round "3"]
[White "Arun Prasad, Subramanian"]
[Black "Mammadova, Narmin Fazahir Qizi"]
[Result "1-0"]
[WhiteElo "2502"]
[BlackElo "2176"]
[PlyCount "73"]
[EventDate "2015.04.06"]
[EventType "swiss"]
[EventRounds "9"]
[EventCountry "UAE"]
[SourceTitle "CBM 165 Extra"]
[Source "ChessBase"]
[SourceDate "2015.04.21"]
[SourceVersion "1"]
[SourceVersionDate "2015.04.21"]
[SourceQuality "1"]

1. c4 c6 2. Nf3 d5 3. g3 Nf6 4. Bg2 g6 5. b3 Bg7 6. Bb2 Qb6 7. Qc1 0-0 8. 0-0 Bg4 9. d4 Nbd7 10. Nbd2 a5 11. h3 Bxf3 12. Nxf3 Ne4 13. e3 a4 14. Qc2 a3 15. Bc3 Rfe8 16. Rac1 e5 17. cxd5 cxd5 18. Nxe5 Nxe5 19. dxe5 Nxc3 20. Qxc3 Bxe5 21. Qc5 Qxc5 22. Rxc5 d4 23. Bxb7 Ra7 24. Bc6 Ree7 25. e4 Rac7 26. Rc4 Rc8 27. f4 Bb8 28. Kf2 Ba7 29. Ke2 Rxc6 30. Rxc6 Rxe4+ 31. Kd2 Re3 32. Re1 Rxg3 33. Re8+ Kg7 34. Ra8 Rg2+ 35. Kd3 Rg3+ 36. Kc4 Rc3+ 37. Kb5 1-0

[Event "Dubai op 17th"]
[Site "Dubai"]
[Date "2015.04.07"]
[Round "2"]
[White "Maisuradze, Nino"]
[Black "Arun Prasad, Subramanian"]
[Result "1-0"]
[WhiteElo "2302"]
[BlackElo "2502"]
[PlyCount "141"]
[EventDate "2015.04.06"]
[EventType "swiss"]
[EventRounds "9"]
[EventCountry "UAE"]
[SourceTitle "CBM 165 Extra"]
[Source "ChessBase"]
[SourceDate "2015.04.21"]
[SourceVersion "1"]
[SourceVersionDate "2015.04.21"]
[SourceQuality "1"]

1. d4 d5 2. c4 e6 3. Nf3 c6 4. e3 f5 5. Bd3 Nf6 6. 0-0 Bd6 7. b3 Qe7 8. a4 a5 9. Ba3 Bxa3 10. Nxa3 0-0 11. Nc2 Ne4 12. Ne5 Nd7 13. f4 Ndf6 14. Qe1 Bd7 15. c5 Bc8 16. b4 axb4 17. Qxb4 Nd7 18. Nxd7 Bxd7 19. Qxb7 Rfb8 20. Qc7 Rc8 21. Qe5 Nd2 22. Rfd1 Nb3 23. Rab1 Na5 24. Rb4 Qd8 25. Rdb1 Qc7 26. Qxc7 Rxc7 27. Rb8+ Rc8 28. Rxa8 Rxa8 29. Rb6 Kf7 30. Ra6 Rxa6 31. Bxa6 Ke7 32. Kf2 Kd8 33. Ke2 Bc8 34. Bd3 Kc7 35. Kd2 Kb7 36. Kc3 Ka7 37. Kb4 Nb7 38. a5 Nd8 39. Ka4 Nf7 40. Nb4 Bd7 41. a6 Nh6 42. Be2 Ng8 43. Ka5 Ne7 44. Nd3 Be8 45. g4 Kb8 46. Ne5 Ka7 47. h3 Kb8 48. Bd3 Ka7 49. Bc2 h6 50. g5 h5 51. Bd1 g6 52. Be2 Kb8 53. Kb6 Nc8+ 54. Ka5 Ka7 55. Kb4 Ne7 56. Kc3 Kb8 57. Kd2 Ka7 58. Ke1 Kb8 59. Kf2 Ka7 60. Kg3 Kb8 61. Kh4 Ka7 62. Nf3 Bd7 63. Ne5 Be8 64. Nf3 Bd7 65. Nd2 Bc8 66. Bxh5 gxh5 67. Kxh5 Bd7 68. Kh6 Be8 69. Nf3 Kxa6 70. Ne5 Kb5 71. Kg7 1-0

[Event "FRA-ch rapid 13th"]
[Site "Nancy"]
[Date "2015.02.22"]
[Round "9"]
[White "Arun Prasad, Subramanian"]
[Black "Devallee, Jeremie"]
[Result "1/2-1/2"]
[WhiteElo "2502"]
[BlackElo "2201"]
[PlyCount "77"]
[EventDate "2015.02.22"]
[EventType "swiss (rapid)"]
[EventRounds "9"]
[EventCountry "FRA"]
[SourceTitle "EXT 2016"]
[Source "ChessBase"]
[SourceDate "2015.10.08"]
[SourceVersion "1"]
[SourceVersionDate "2015.10.08"]
[SourceQuality "1"]

1. d4 Nf6 2. Nf3 g6 3. Bg5 Bg7 4. Nbd2 d5 5. e3 0-0 6. c3 Bf5 7. Be2 c6 8. h3 Nbd7 9. 0-0 Ne4 10. Nxe4 Bxe4 11. Nd2 Bf5 12. f4 Nf6 13. g4 Bd7 14. Bd3 Re8 15. Rf2 Qc8 16. Qf3 a5 17. Raf1 a4 18. f5 gxf5 19. gxf5 Kh8 20. Kh1 c5 21. Rg1 cxd4 22. exd4 a3 23. Rfg2 axb2 24. Qf4 Rg8 25. Nf3 Rxa2 26. Ne5 Be8 27. Bh6 Bxh6 28. Qxh6 Rxg2 29. Rxg2 b1Q+ 30. Bxb1 Rxg2 31. Kxg2 Qxc3 32. Qf8+ Ng8 33. Qxe8 Qb2+ 34. Kg3 Qxb1 35. Qxf7 Qg1+ 36. Kf3 Qh1+ 37. Kg3 Qg1+ 38. Kf3 Qh1+ 39. Kg3 1/2-1/2